000 01073nam a2200349 i 4500
001 47669
003 KOSZ 005
005 20210831114745.0
008 960606s1988 uk a g |000 0 eng d
020 _a0070706816
040 _cKOSZ 005
_aKOSZ 005
_dKOSZ 005/HR
041 0 _aeng
046 _k1976
080 _a792.02
080 _a391
100 1 _aWilson, Edwin
_d(1942- )
_eAutor
245 1 0 _aThe Theater Experience /
_cEdwin Wilson.
250 _a4th ed.
260 _aNew York [etc.] :
_bMcGraw-Hill Publishing Company,
_cc. 1988.
300 _aXX, 506 s.[8] k. tabl. :
_bil. ;
_c24 cm.
380 _aKsiążki
388 _a1901-2000
504 _aBibliogr. 487-489. Indeks.
650 _aKostiumy teatralne i filmowe
650 _aScenografia angielska
650 _aModa
655 _aTeatr angielski
658 _aKultura i sztuka
710 2 _aMcGraw-Hill
856 _uhttp://koha.tu.koszalin.pl/cgi-bin/koha/opac-detail.pl?biblionumber=47669
_yKatalog online BPK
942 _cKS
_2UKD
999 _c47669
_d47669